| 000 | 00412nam a2200085Ia 4500 | ||
|---|---|---|---|
| 008 | 180130s9999 xx 000 0 und d | ||
| 245 | _aTo enter the gesture as though a dream : a psychoanalyst encounters the body | ||
| 300 | _aBook title: Somatic experience in psychoanalysis and psychotherapy : in the expressive language of the living--Acession number C20994; pages 33-46 | ||
| 650 | _aPSYCHOANALYSIS, PSYCHOTHERAPY | ||
| 999 |
_c354622 _d354622 |
||